<?xml version="1.0" encoding="UTF-8"?>
<record
    xmlns:xsi="http://www.w3.org/2001/XMLSchema-instance"
    xsi:schemaLocation="http://www.loc.gov/MARC21/slim http://www.loc.gov/standards/marcxml/schema/MARC21slim.xsd"
    xmlns="http://www.loc.gov/MARC21/slim">

  <leader>00692nam a22001697a 4500</leader>
  <controlfield tag="005">20260413162505.0</controlfield>
  <controlfield tag="008">260306b        |||||||| |||| 00| 0 eng d</controlfield>
  <datafield tag="020" ind1=" " ind2=" ">
    <subfield code="a">978-93-87472-15-0</subfield>
  </datafield>
  <datafield tag="050" ind1=" " ind2=" ">
    <subfield code="a">QD 33 .M 64 2016</subfield>
  </datafield>
  <datafield tag="100" ind1=" " ind2=" ">
    <subfield code="a">MOHATATRA, RANJAN KUMAR</subfield>
  </datafield>
  <datafield tag="245" ind1=" " ind2=" ">
    <subfield code="a">SUPPLEMENT TO ENGINEERING CHEMISTRY WITH LABORATORY EXPERIMENTS: AS PER THE LATEST BPUT APPLIED CHEMISTRY SYLLABUS</subfield>
  </datafield>
  <datafield tag="250" ind1=" " ind2=" ">
    <subfield code="a">EASTERN ECONOMY</subfield>
  </datafield>
  <datafield tag="260" ind1=" " ind2=" ">
    <subfield code="b">PHI,</subfield>
    <subfield code="c">2016,</subfield>
    <subfield code="a">University of Technology (BPUT), Odisha. </subfield>
  </datafield>
  <datafield tag="300" ind1=" " ind2=" ">
    <subfield code="a">118P</subfield>
  </datafield>
  <datafield tag="650" ind1=" " ind2=" ">
    <subfield code="a">1.Chemistry-Laboratory manuals-Textbooks 2. Engineering chemistry-Textbooks 3. Applied chemistry-Textbooks  4. Chemical experiments-Study and teaching</subfield>
  </datafield>
  <datafield tag="942" ind1=" " ind2=" ">
    <subfield code="2">lcc</subfield>
    <subfield code="c">BK</subfield>
  </datafield>
  <datafield tag="999" ind1=" " ind2=" ">
    <subfield code="c">216797</subfield>
    <subfield code="d">216797</subfield>
  </datafield>
  <datafield tag="952" ind1=" " ind2=" ">
    <subfield code="0">0</subfield>
    <subfield code="1">0</subfield>
    <subfield code="2">lcc</subfield>
    <subfield code="4">0</subfield>
    <subfield code="6">QD0033 M64  02016</subfield>
    <subfield code="7">0</subfield>
    <subfield code="8">SCT</subfield>
    <subfield code="9">376197</subfield>
    <subfield code="a">KSUL</subfield>
    <subfield code="b">KSUL</subfield>
    <subfield code="c">DISPLAY</subfield>
    <subfield code="d">2026-03-06</subfield>
    <subfield code="i">112131</subfield>
    <subfield code="l">0</subfield>
    <subfield code="o">QD 33 .M64 2016</subfield>
    <subfield code="p">000000024018</subfield>
    <subfield code="r">2026-03-06 10:26:00</subfield>
    <subfield code="t">1</subfield>
    <subfield code="w">2026-03-06</subfield>
    <subfield code="y">BK</subfield>
  </datafield>
  <datafield tag="952" ind1=" " ind2=" ">
    <subfield code="0">0</subfield>
    <subfield code="1">0</subfield>
    <subfield code="2">lcc</subfield>
    <subfield code="4">0</subfield>
    <subfield code="6">QD0033 M64  02016</subfield>
    <subfield code="7">0</subfield>
    <subfield code="8">SCT</subfield>
    <subfield code="9">376199</subfield>
    <subfield code="a">KSUL</subfield>
    <subfield code="b">KSUL</subfield>
    <subfield code="c">DISPLAY</subfield>
    <subfield code="d">2026-03-06</subfield>
    <subfield code="i">112132</subfield>
    <subfield code="l">0</subfield>
    <subfield code="o">QD 33 .M64 2016</subfield>
    <subfield code="p">000000024019</subfield>
    <subfield code="r">2026-03-06 10:26:00</subfield>
    <subfield code="t">2</subfield>
    <subfield code="w">2026-03-06</subfield>
    <subfield code="y">BK</subfield>
  </datafield>
  <datafield tag="952" ind1=" " ind2=" ">
    <subfield code="0">0</subfield>
    <subfield code="1">0</subfield>
    <subfield code="2">lcc</subfield>
    <subfield code="4">0</subfield>
    <subfield code="6">QD0033 M64  02016</subfield>
    <subfield code="7">0</subfield>
    <subfield code="8">SCT</subfield>
    <subfield code="9">376200</subfield>
    <subfield code="a">KSUL</subfield>
    <subfield code="b">KSUL</subfield>
    <subfield code="c">DISPLAY</subfield>
    <subfield code="d">2026-03-06</subfield>
    <subfield code="i">112133</subfield>
    <subfield code="l">0</subfield>
    <subfield code="o">QD 33 .M64 2016</subfield>
    <subfield code="p">000000024020</subfield>
    <subfield code="r">2026-03-06 10:26:00</subfield>
    <subfield code="t">3</subfield>
    <subfield code="w">2026-03-06</subfield>
    <subfield code="y">BK</subfield>
  </datafield>
  <datafield tag="952" ind1=" " ind2=" ">
    <subfield code="0">0</subfield>
    <subfield code="1">0</subfield>
    <subfield code="2">lcc</subfield>
    <subfield code="4">0</subfield>
    <subfield code="6">QD0033 M64  02016</subfield>
    <subfield code="7">0</subfield>
    <subfield code="8">SCT</subfield>
    <subfield code="9">376201</subfield>
    <subfield code="a">KSUL</subfield>
    <subfield code="b">KSUL</subfield>
    <subfield code="c">DISPLAY</subfield>
    <subfield code="d">2026-03-06</subfield>
    <subfield code="i">112134</subfield>
    <subfield code="l">0</subfield>
    <subfield code="o">QD 33 .M 64 2016</subfield>
    <subfield code="p">000000024093</subfield>
    <subfield code="r">2026-03-06 10:26:00</subfield>
    <subfield code="t">4</subfield>
    <subfield code="w">2026-03-06</subfield>
    <subfield code="y">BK</subfield>
  </datafield>
</record>
